Normal view
MARC view
Entry Topical Term
001 - CONTROL NUMBER
- control field: 44841
003 - CONTROL NUMBER IDENTIFIER
- control field: ARRUPE
005 - DATE AND TIME OF LATEST TRANSACTION
- control field: 20190222090414.0
008 - FIXED-LENGTH DATA ELEMENTS
- fixed length control field: 190222|| aca||aabn | a|a d
040 ## - CATALOGING SOURCE
- Original cataloging agency: ARRUPE
- Transcribing agency: ARRUPE
150 ## - HEADING--TOPICAL TERM
- Topical term or geographic name as entry element: Religious life
- General subdivision: Zen Buddhism.
670 ## - SOURCE DATA FOUND
- Source citation: Work cat.: (ARRUPE)0: Boldt, Laurence G. 44839, Zen and the art of making a living :, c2009.